000 01527cab a22002294i 4500
001 768714001
003 CO-MdFUSB
005 20230111090404.0
008 180713s1995 gt ||||| |||| 00| 0 spa d
022 _a1014-9341
040 _aCO-MdFUSB
_bspa
_cCO-MdFUSB
_dCO-MdFUSB
041 _aspa
100 1 _aVázquez V., Bernardino
_eautor
245 0 3 _aEl midrash y la exégesis en el período apostólico
_c/ Lic. Bernardino S. Vázquez V.
300 _aNúmero 17 (Julio - Diciembre, 1995), páginas 65-86
_c; 22 cm
520 _aMás de la mitad de las citas del Antiguo Testamento en el Nuevo Testamento se hallan en los escritos de Pablo y Lucas. Estos citan con mayor frecuencia el Pentateuco, Salmos e Isaías. Siguen a la Septuaginta más que cualquier otro texto veterotestamentario, pero hay también bastante variación textual en sus citas. Entre las razones de este fenómeno figura la probabilidad de que los autores neotestamentarios retrabajaron algunos pasajes antiguotestamentarios mediante la exégesis midráshica. Ni Jesús ni los apóstoles se limitaban a un solo sistema de interpretación, sino que usaban el midrash juntamente con otros métodos.
650 7 _aBiblia
_9404
_xCrítica, interpretación, etc.
650 7 _aIglesia
_9659
_xHistoria
_y(Iglesia primitiva), ca. 0030-0600
773 0 _tKairos
_049489
_961227
_gNúmero 17 (Julio - Diciembre, 1995), páginas 65-86
_qPágina 65
773 0 _049489
_981309
_gNúmero 17 (Julio - Diciembre, 1995), páginas 65-86
_qPágina 65
_tKairos
942 _cANA
999 _c61421
_d61421